Manažérstvo kvality : STN ISO 10004: 2022 (01 0307) : spokojnosť zákazníka : návod na monitorovanie a meranie : október 2022

Salvato in:
Dettagli Bibliografici
Natura: Libro
Lingua:slovacco
Pubblicazione: Bratislava : ÚNMS 2022
Soggetti:
Tags: Aggiungi Tag
Nessun Tag, puoi essere il primo ad aggiungerne!!

MARC

LEADER 00000nam a22000003a 4500
001 0104119
005 20230817100612.1
008 050905s2005----xo------------------slo-d
040 |a STU  |b slo 
041 0 |a slo 
044 |a xo 
080 |a 658.56 
245 |a Manažérstvo kvality :  |b STN ISO 10004: 2022 (01 0307) : spokojnosť zákazníka : návod na monitorovanie a meranie : október 2022 
260 |a Bratislava :  |b ÚNMS  |c 2022 
300 |a 40 s. 
500 |a Táto norma nahrádza STN ISO 10004 z decembra 2013 v celom rozsahu 
650 7 |a kvalita  |2 stusub 
650 7 |a manažment kvality  |2 stusub 
996 |b 284M089401  |c M* N-1702-1  |l MMKN  |s A  |a 24  |w 0104119_0001